Le llamaban Pablito

Đã lưu trong:
Chi tiết về thư mục
Tác giả chính: Castro, Baltazar (Tác giả)
Định dạng: Sách
Ngôn ngữ:Tiếng Tây Ban Nha
Được phát hành: Santiago Cerro Huelén 1982
Những chủ đề:
Các nhãn: Thêm thẻ
Không có thẻ, Là người đầu tiên thẻ bản ghi này!

MARC

LEADER 00000nam a2200000 a 4500
001 UCQ6903
003 CL-VaPUC
005 20230531074349.0
008 981023e19820000CL |||||||||||||||||spa|d
999 |c 276801  |d 276799 
040 |c Pontificia Universidad Católica de Valparaíso 
082 0 4 |a Ch861.09  |b CAS  |2 21 
100 0 |a Castro, Baltazar  |e author  |9 420828 
245 1 0 |a Le llamaban Pablito 
260 |a Santiago  |b Cerro Huelén  |c 1982 
300 |a 112 p 
583 |a last modification  |c 19981023 00:00:00  |k Rodrigo Vera 
600 |a Neruda, Pablo,  |d 1904-1973  |x Crítica e interpretación   |9 875013 
650 0 |a Poesía chilena   |9 268403 
650 0 |a Literatura chilena   |9 308278 
942 |c BK  |2 ddc 
945 |d 19981023 00:00:00  |a crobeson 
952 |0 0  |1 0  |4 0  |6 CH_861_090000000000000_CAS_1982  |7 0  |8 A  |9 314280  |a BIBEDU  |b BIBEDU  |d 2019-11-20  |i 1486144  |o Ch861.09 CAS 1982  |p 1486144  |r 2019-11-20  |w 2019-11-20  |y BK  |k LIT